000 00245 a2200097 4500
001 42908
100 _aAnwar H.S
245 _aChina & Pakistan diplomacy of an entente cordiale
260 _aLondon
_bOxford Univ press
_c
090 _c26793
_d26793
942 _aNUST-CAE
_cM
_c18661
999 _c277981
_d277981